| 000 | 00651nam a2200205Ia 4500 | ||
|---|---|---|---|
| 003 | GCL | ||
| 008 | 140319s9999 xx 000 0 ara d | ||
| 020 | _a4199914977 | ||
| 040 |
_aGCL / _cGCL |
||
| 082 | 0 | 4 |
_a329.02 _bو ي |
| 100 | 1 | _aوليد عبدالناصر | |
| 245 | 1 | 0 |
_aاليسار والعولمة / _cوليد عبدالناصر |
| 250 | _aالاولى | ||
| 260 |
_aالقاهرة : _bنهضة مصر للطباعة والنشر والتوزيع ، _c2002 |
||
| 300 |
_a191 ص ؛ _c24 سم |
||
| 650 | 0 | 4 | _aالشيوعيون |
| 650 | 0 | 4 | _aالاحزاب السياسية |
| 650 | 0 | 4 | _aاليمين واليسار |
| 942 |
_2ddc _cBK |
||
| 999 |
_c5522 _d5522 |
||